000 00548nam a2200193Ia 4500
008 210417s9999 xx 000 0 und d
020 _a9781632395153
020 _b1632395150
082 _a616.02774 COL
082 _b22.616.02774 COL
245 0 _aPluripotent Stem Cells: Current Researches
245 0 _cPluripotent Stem Cells Current Researches
250 _b"vii, 257 p.; col. ill. ; 24 cm. hbk."
260 _aNew York
260 _bCallisto Reference
260 _c2015
700 _a"Collins, Jack "
700 _bJack Collins
999 _c485943
_d485943